000 00716nas a2200241 4500
001 BR8300051
003 BR-BrBNA
005 20231205085355.0
007 ta
008 230509b bl.|||p| |||| 00| 00por d
040 _aBR-BrBNA
_bpor
_cBiblioteca Nacional de Agricultura
041 _a(Pt)
072 _aL73
100 1 _aRodrigues, P.C.
100 1 _aAstudillo, V.
245 1 _aInfluencia da movimentacao de animais na incidencia da febre aftosa [bovino]
650 _aBOVINO
650 _aAFTOSA
650 _aPROFILAXIA
773 0 _tRevista Brasileira de Medicina Veterinaria (Brazil)
_x
_g(Jan 1982), v. 5(1) p. 19-20
_wBR8300051
909 _a202311
_bLúcia
_c55
_dLúcia Elande
942 _2AGRIS
_n0
_cANA
999 _c111054
_d111054